Hunter Schafer Filmography - Statistics

General Stats
  • This quiz has been taken 11 times
    5 since last reset
  • The average score is 2 of 18
Answer Stats
Type Year Name % Correct
TV Show 2019-Present Euphoria
80%
Web Mini-Series 2026 Blade Runner 2099
20%
Film 2024 Cuckoo
20%
Film 2024 Kinds of Kindness
20%
Film TBA Mother Mary
20%
Film 2021 Belle
0%
Film TBA Fish
0%
Commercial 2025 Gentle Monster
0%
Director 2022 hornylovesickmess
0%
Documentary 2024 Inside the Dream: Mugler
0%
Commercial 2023 Mugler
0%
Video Game TBA OD
0%
Film TBA Palette
0%
TV Show 2025 RuPaul's Drag Race
0%
TV Show 2025 RuPaul's Drag Race: Untucked!
0%
Film 2023 The Hunger Games: The Ballad of Songbirds and Snakes
0%
Web Special 2025 Vogue World: Hollywood
0%
Director 2023 Why Am I Alive Now?
0%
No matching quizzes found
Score Distribution
Percent of People with Each Score
Percentile by Number Answered
Your Score History
You have not taken this quiz since the last reset